[Event "Oberliga Wuerttemberg 2122"]
[Site "Wuerttemberg"]
[Date "2022.03.13"]
[Round "7.2"]
[White "Dabo Peranic, Robert"]
[Black "Mareck, Sascha"]
[Result "1-0"]
[WhiteElo "2287"]
[BlackElo "2129"]
[PlyCount "71"]
[EventDate "2021.09.19"]
[EventType "team-tourn"]
[EventRounds "9"]
[EventCountry "GER"]
[SourceTitle "EXT 2023"]
[Source "ChessBase"]
[SourceDate "2022.10.05"]
[SourceVersion "1"]
[SourceVersionDate "2022.10.05"]
[SourceQuality "1"]
[WhiteTeam "Deizisau II"]
[BlackTeam "Nuertingen"]
[WhiteTeamCountry "GER"]
[BlackTeamCountry "GER"]

1. d4 Nf6 2. c4 g6 3. Nc3 Bg7 4. e4 d6 5. Be2 0-0 6. Be3 e5 7. d5 Na6 8. h4 Nc5 9. Qc2 a5 10. h5 Ng4 11. Bxg4 Bxg4 12. f3 Bd7 13. h6 Bf6 14. g3 Bg5 15. f4 exf4 16. gxf4 Bf6 17. Bxc5 dxc5 18. 0-0-0 Bg4 19. Rd3 Bd4 20. Qg2 Bxc3 21. Rxc3 f5 22. e5 a4 23. Nh3 Bxh3 24. Rhxh3 Qe7 25. Rcd3 Ra6 26. Qd2 Rd8 27. Rh1 Qf8 28. Kc2 Rb6 29. Qe3 Rb4 30. Rc3 b5 31. a3 Rxc4 32. Rxc4 bxc4 33. e6 Qe7 34. Qe5 Rd6 35. Re1 Rb6 36. Kc3 1-0

[Event "Oberliga Wuerttemberg 1920"]
[Site "Wuerttemberg"]
[Date "2020.01.19"]
[Round "6.3"]
[White "Mareck, Sascha"]
[Black "Degenhard, Simon"]
[Result "0-1"]
[WhiteElo "2106"]
[BlackElo "2138"]
[PlyCount "50"]
[EventDate "2019.09.15"]
[EventType "team-tourn"]
[EventRounds "9"]
[EventCountry "GER"]
[SourceTitle "EXT 2021"]
[Source "ChessBase"]
[SourceDate "2020.10.23"]
[SourceVersion "1"]
[SourceVersionDate "2020.10.23"]
[SourceQuality "1"]
[WhiteTeam "Nuertingen"]
[BlackTeam "Heilbronn"]
[WhiteTeamCountry "GER"]
[BlackTeamCountry "GER"]

1. d4 Nf6 2. Nf3 e6 3. c4 d5 4. g3 Be7 5. Bg2 0-0 6. 0-0 dxc4 7. Ne5 Nc6 8. Bxc6 bxc6 9. Qa4 c5 10. dxc5 Bxc5 11. Nc3 Nd5 12. Qxc4 Bb6 13. e4 Nxc3 14. bxc3 Qf6 15. Bf4 Rd8 16. Nc6 Re8 17. Be5 Qf3 18. Rae1 a5 19. Nd4 Qh5 20. Qc6 Ba6 21. Bxc7 Bxc7 22. Qxc7 Bxf1 23. Rxf1 Rec8 24. Qb7 Rab8 25. Qa7 Qc5 0-1

[Event "Oberliga Wuerttemberg 1920"]
[Site "Wuerttemberg"]
[Date "2019.12.01"]
[Round "4.2"]
[White "Trachtmann, Mark"]
[Black "Mareck, Sascha"]
[Result "1/2-1/2"]
[WhiteElo "2253"]
[BlackElo "2106"]
[PlyCount "61"]
[EventDate "2019.09.15"]
[EventType "team-tourn"]
[EventRounds "9"]
[EventCountry "GER"]
[SourceTitle "EXT 2021"]
[Source "ChessBase"]
[SourceDate "2020.10.23"]
[SourceVersion "1"]
[SourceVersionDate "2020.10.23"]
[SourceQuality "1"]
[WhiteTeam "Schmiden Cannstatt"]
[BlackTeam "Nuertingen"]
[WhiteTeamCountry "GER"]
[BlackTeamCountry "GER"]

1. d4 Nf6 2. c4 g6 3. Nc3 Bg7 4. e4 d6 5. h3 0-0 6. Be3 c5 7. d5 e6 8. Nf3 exd5 9. cxd5 Re8 10. Nd2 a6 11. a4 Nbd7 12. Be2 Rb8 13. 0-0 b5 14. axb5 axb5 15. Bxb5 Nh5 16. Rb1 Bd4 17. Nc4 Qf6 18. Qa4 Rd8 19. Ne2 Bxe3 20. Nxe3 Nf4 21. Ng4 Nxe2+ 22. Bxe2 Qg7 23. Qc2 Rb4 24. Ne3 Nf6 25. f3 Nh5 26. b3 Qd4 27. Kf2 Qe5 28. Ke1 f5 29. g4 Ng3 30. Rf2 fxe4 31. f4 1/2-1/2

[Event "Oberliga Wuerttemberg 1112"]
[Site "Wuerttemberg"]
[Date "2011.12.11"]
[Round "4.6"]
[White "Mareck, Sascha"]
[Black "Preuss, Heiko"]
[Result "1-0"]
[WhiteElo "2181"]
[BlackElo "2237"]
[PlyCount "69"]
[EventDate "2011.10.09"]
[EventType "team-tourn"]
[EventRounds "9"]
[EventCountry "GER"]
[SourceTitle "EXT 2019"]
[Source "ChessBase"]
[SourceDate "2018.10.10"]
[SourceVersion "1"]
[SourceVersionDate "2018.10.10"]
[SourceQuality "1"]
[WhiteTeam "Deizisau"]
[BlackTeam "Ulm Post"]
[WhiteTeamCountry "GER"]
[BlackTeamCountry "GER"]

1. d4 Nf6 2. Nf3 g6 3. c4 Bg7 4. Nc3 d6 5. e4 0-0 6. Be2 Nbd7 7. 0-0 e5 8. Qc2 c6 9. Rd1 Re8 10. d5 c5 11. Ne1 Nf8 12. Rb1 Ng4 13. f3 Nh6 14. b4 cxb4 15. Rxb4 Nd7 16. Nd3 b6 17. a4 a5 18. Rb2 Ba6 19. Nb5 Nc5 20. Nxc5 bxc5 21. Bd2 f6 22. Rdb1 Nf7 23. Qc1 Bc8 24. Bd3 Re7 25. Na3 Rea7 26. Rb8 Bf8 27. Qb2 Rxb8 28. Qxb8 Ra6 29. Bc2 Be7 30. Nb5 Rb6 31. Qa8 Ra6 32. Na7 Kg7 33. Rb8 Qc7 34. Rxc8 Qxa7 35. Rg8# 1-0

[Event "Oberliga Wuerttemberg 0910"]
[Site "Wuerttemberg"]
[Date "2010.04.11"]
[Round "9.6"]
[White "Vollmer, Oliver"]
[Black "Mareck, Sascha"]
[Result "1/2-1/2"]
[WhiteElo "2010"]
[BlackElo "2089"]
[PlyCount "75"]
[EventDate "2009.10.11"]
[EventType "team-tourn"]
[EventRounds "9"]
[EventCountry "GER"]
[SourceTitle "EXT 2019"]
[Source "ChessBase"]
[SourceDate "2018.10.10"]
[SourceVersion "1"]
[SourceVersionDate "2018.10.10"]
[SourceQuality "1"]
[WhiteTeam "Rommelshausen"]
[BlackTeam "Deizisau"]
[WhiteTeamCountry "GER"]
[BlackTeamCountry "GER"]

1. e4 c5 2. Ne2 d6 3. g3 g6 4. Bg2 Bg7 5. c3 Nc6 6. 0-0 e5 7. d3 Nge7 8. Be3 b6 9. Qd2 Ba6 10. c4 0-0 11. Nbc3 Rb8 12. f4 exf4 13. Bxf4 Ne5 14. Rad1 N7c6 15. Nd5 Bc8 16. h3 b5 17. b3 a5 18. Bh6 Nb4 19. Bxg7 Kxg7 20. d4 cxd4 21. Nxb4 axb4 22. cxb5 Rxb5 23. Qxd4 Qb6 24. Kh2 Rd8 25. Qxb6 Rxb6 26. Rd2 Bb7 27. g4 Kf8 28. Nd4 Ke7 29. Rc1 Rc8 30. Rxc8 Bxc8 31. Nc2 Ba6 32. Ne3 Bb7 33. Rc2 Kd7 34. Rd2 Ra6 35. Kg3 Ra5 36. Kf4 Rc5 37. Nc2 Nc6 38. h4 1/2-1/2

[Event "Oberliga Wuerttemberg 0910"]
[Site "Wuerttemberg"]
[Date "2010.03.07"]
[Round "7.5"]
[White "Mareck, Sascha"]
[Black "Hofmann, Martin"]
[Result "0-1"]
[WhiteElo "2089"]
[BlackElo "2112"]
[PlyCount "72"]
[EventDate "2009.10.11"]
[EventType "team-tourn"]
[EventRounds "9"]
[EventCountry "GER"]
[SourceTitle "EXT 2019"]
[Source "ChessBase"]
[SourceDate "2018.10.10"]
[SourceVersion "1"]
[SourceVersionDate "2018.10.10"]
[SourceQuality "1"]
[WhiteTeam "Deizisau"]
[BlackTeam "Stuttgart SF II"]
[WhiteTeamCountry "GER"]
[BlackTeamCountry "GER"]

1. d4 Nf6 2. Nf3 b6 3. g3 Bb7 4. Bg2 c5 5. dxc5 bxc5 6. c4 g6 7. 0-0 Bg7 8. Nc3 0-0 9. Qc2 Nc6 10. Rd1 d6 11. a3 Na5 12. e4 Nxc4 13. e5 Ng4 14. exd6 Nxd6 15. Nd5 c4 16. Qe2 Re8 17. Bg5 Nf6 18. Bxf6 Bxf6 19. Ne5 Bxe5 20. Qxe5 Bxd5 21. Bxd5 Rc8 22. h4 Qb6 23. Rac1 Rc5 24. b4 Rb5 25. Qf4 a5 26. h5 axb4 27. axb4 c3 28. hxg6 hxg6 29. Rxc3 Rxb4 30. Qg5 e6 31. Rc6 Qb8 32. Bf3 Nf5 33. Qf6 Rb1 34. Kg2 Rxd1 35. Bxd1 Qd8 36. Qc3 Qxd1 0-1

[Event "Oberliga Wuerttemberg 0910"]
[Site "Wuerttemberg"]
[Date "2010.01.31"]
[Round "6.4"]
[White "Mareck, Sascha"]
[Black "Behm, Simon"]
[Result "1/2-1/2"]
[WhiteElo "2089"]
[BlackElo "2138"]
[PlyCount "45"]
[EventDate "2009.10.11"]
[EventType "team-tourn"]
[EventRounds "9"]
[EventCountry "GER"]
[SourceTitle "EXT 2019"]
[Source "ChessBase"]
[SourceDate "2018.10.10"]
[SourceVersion "1"]
[SourceVersionDate "2018.10.10"]
[SourceQuality "1"]
[WhiteTeam "Deizisau"]
[BlackTeam "Stuttgart Wolfbusch"]
[WhiteTeamCountry "GER"]
[BlackTeamCountry "GER"]

1. d4 d5 2. Nf3 Nf6 3. c4 c6 4. e3 Bg4 5. Qb3 Qb6 6. Nc3 e6 7. Nh4 Be7 8. h3 Bh5 9. g4 Bg6 10. Nxg6 hxg6 11. Bg2 g5 12. Bd2 Nbd7 13. 0-0 Qc7 14. f4 dxc4 15. Qxc4 Nb6 16. Qe2 gxf4 17. e4 Qd7 18. Bxf4 Qxd4+ 19. Be3 Qe5 20. Bf4 Qd4+ 21. Be3 Qe5 22. Bf4 Qd4+ 23. Be3 1/2-1/2

[Event "Oberliga Wuerttemberg 0910"]
[Site "Wuerttemberg"]
[Date "2010.01.10"]
[Round "5.4"]
[White "Hoenick, Andreas"]
[Black "Mareck, Sascha"]
[Result "1-0"]
[WhiteElo "2131"]
[BlackElo "2089"]
[PlyCount "35"]
[EventDate "2009.10.11"]
[EventType "team-tourn"]
[EventRounds "9"]
[EventCountry "GER"]
[SourceTitle "EXT 2019"]
[Source "ChessBase"]
[SourceDate "2018.10.10"]
[SourceVersion "1"]
[SourceVersionDate "2018.10.10"]
[SourceQuality "1"]
[WhiteTeam "Schwaebisch Gmuend"]
[BlackTeam "Deizisau"]
[WhiteTeamCountry "GER"]
[BlackTeamCountry "GER"]

1. d4 Nf6 2. c4 g6 3. Nc3 Bg7 4. e4 d6 5. Nf3 0-0 6. Be2 e5 7. Be3 Ng4 8. Bg5 f6 9. Bc1 Nc6 10. d5 Ne7 11. h3 Nh6 12. h4 Nf7 13. h5 c6 14. hxg6 hxg6 15. Be3 Qa5 16. Qb3 cxd5 17. cxd5 a6 18. Bb6 1-0

[Event "Oberliga Wuerttemberg 0910"]
[Site "Wuerttemberg"]
[Date "2009.10.11"]
[Round "1.5"]
[White "Mareck, Sascha"]
[Black "Pieper, Thomas"]
[Result "1/2-1/2"]
[WhiteElo "2089"]
[BlackElo "2160"]
[PlyCount "68"]
[EventDate "2009.10.11"]
[EventType "team-tourn"]
[EventRounds "9"]
[EventCountry "GER"]
[SourceTitle "EXT 2019"]
[Source "ChessBase"]
[SourceDate "2018.10.10"]
[SourceVersion "1"]
[SourceVersionDate "2018.10.10"]
[SourceQuality "1"]
[WhiteTeam "Deizisau"]
[BlackTeam "Ulm Post"]
[WhiteTeamCountry "GER"]
[BlackTeamCountry "GER"]

1. d4 Nf6 2. Nf3 g6 3. c4 Bg7 4. Nc3 0-0 5. e4 d6 6. Be2 e5 7. 0-0 exd4 8. Nxd4 Re8 9. f3 Nc6 10. Be3 Nh5 11. Qd2 f5 12. Nxc6 bxc6 13. c5 d5 14. Bg5 Qd7 15. exf5 Qxf5 16. g4 Bxc3 17. bxc3 Qe6 18. gxh5 Qxe2 19. Rae1 Qxd2 20. Rxe8+ Kf7 21. hxg6+ Kxe8 22. Bxd2 hxg6 23. Re1+ Kf7 24. Rb1 Ba6 25. Rb4 Bb5 26. Bg5 Kg8 27. a4 Ba6 28. Bf4 Re8 29. Kf2 Re2+ 30. Kg3 Kf7 31. Bxc7 g5 32. Bd8 Kg6 33. Rg4 Re8 34. Bc7 Re1 1/2-1/2

[Event "Staufer op 21st"]
[Site "Schwaebisch Gmuend"]
[Date "2009.01.03"]
[Round "4"]
[White "Mareck, Sascha"]
[Black "Hammes, Michael"]
[Result "0-1"]
[WhiteElo "2186"]
[BlackElo "2399"]
[PlyCount "70"]
[EventDate "2009.01.02"]
[EventType "swiss"]
[EventRounds "9"]
[EventCountry "GER"]
[SourceTitle "CBM 128 Extra"]
[Source "ChessBase"]
[SourceDate "2009.03.05"]
[SourceVersion "2"]
[SourceVersionDate "2009.03.25"]
[SourceQuality "1"]

1. e4 e6 2. d4 d5 3. Nd2 Nf6 4. e5 Nfd7 5. c3 c5 6. f4 Nc6 7. Ndf3 Qa5 8. Be3 cxd4 9. Nxd4 Nxd4 10. Bxd4 Nb8 11. Nf3 Nc6 12. Bd3 Nxd4 13. Nxd4 Qb6 14. Qd2 Bd7 15. a4 a5 16. f5 exf5 17. Bxf5 Bxf5 18. Nxf5 g6 19. Nd4 Bg7 20. 0-0-0 0-0 21. Nf3 Rad8 22. Qd4 Qc6 23. h4 f6 24. exf6 Bxf6 25. Qg4 Rfe8 26. Kb1 Re4 27. Qh3 Qxa4 28. Rd2 Qe8 29. Rhd1 b5 30. Rxd5 Rxd5 31. Rxd5 b4 32. Rc5 b3 33. Rc8 Bd8 34. Qh1 Qd7 35. Rb8 Qd3+ 0-1

[Event "EU-ch 3rd"]
[Site "Batumi"]
[Date "2002.06.24"]
[Round "12"]
[White "Asylguzhin, Radik"]
[Black "Mareck, Sascha"]
[Result "1/2-1/2"]
[WhiteElo "2387"]
[BlackElo "2249"]
[PlyCount "76"]
[EventDate "2002.06.12"]
[EventType "swiss"]
[EventRounds "13"]
[EventCountry "GEO"]
[SourceTitle "CBM 090"]
[Source "ChessBase"]
[SourceDate "2002.09.20"]
[SourceVersion "1"]
[SourceVersionDate "2002.09.20"]
[SourceQuality "1"]

1. e4 c5 2. f4 Nc6 3. Nf3 d6 4. Bb5 Bd7 5. 0-0 Nf6 6. Nc3 Qb6 7. a4 e6 8. Kh1 Nd4 9. Bxd7+ Nxd7 10. d3 Be7 11. Nd2 0-0 12. Nc4 Qc7 13. f5 Bf6 14. Bf4 Be5 15. Bxe5 dxe5 16. fxe6 fxe6 17. Qd2 b6 18. Kg1 a6 19. Ne3 Rf4 20. Ne2 Raf8 21. Nxf4 exf4 22. Nc4 f3 23. Rae1 b5 24. axb5 axb5 25. Na3 Ne5 26. h3 f2+ 27. Rxf2 Nef3+ 28. gxf3 Qg3+ 29. Kh1 Nxf3 30. Rxf3 Rxf3 31. Rg1 Qh4 32. Rg2 Rf1+ 33. Kh2 Rf3 34. Kg1 Rxh3 35. Kf1 Rh1+ 36. Rg1 Rh2 37. Rg2 Rh1+ 38. Rg1 Rh2 1/2-1/2

[Event "EU-ch 3rd"]
[Site "Batumi"]
[Date "2002.06.12"]
[Round "1"]
[White "Bagirov, Rufat"]
[Black "Mareck, Sascha"]
[Result "1-0"]
[WhiteElo "2516"]
[BlackElo "2249"]
[PlyCount "51"]
[EventDate "2002.06.12"]
[EventType "swiss"]
[EventRounds "13"]
[EventCountry "GEO"]
[SourceTitle "CBM 090"]
[Source "ChessBase"]
[SourceDate "2002.09.20"]
[SourceVersion "1"]
[SourceVersionDate "2002.09.20"]
[SourceQuality "1"]

1. d4 Nf6 2. c4 g6 3. Nc3 Bg7 4. e4 d6 5. Be2 0-0 6. Bg5 Na6 7. f4 h6 8. Bh4 Qe8 9. e5 Nh7 10. Nf3 f6 11. 0-0 c5 12. exd6 exd6 13. Nb5 Bg4 14. h3 Bd7 15. Nxd6 Qe3+ 16. Bf2 Qxf4 17. dxc5 Ng5 18. Nxg5 fxg5 19. Qd5+ Kh8 20. Qxb7 Bd4 21. Ne4 Bxf2+ 22. Rxf2 Qe3 23. Qxd7 Rxf2 24. Nxf2 Qxc5 25. Qd5 Rf8 26. Bf3 1-0